wszystkie wsie w gminie Kościan - Statystyki

Ogólne statystyki
  • Ten quiz został rozwiązany 23 razy
    20 od ostatniego zresetowania
  • Średni wynik to 17 z 42
Statystyki odpowiedzi
Hint Odpowiedź % Poprawnych
Północ Bonikowo
88%
Północ Kiełczewo
82%
Północ Stare Oborzyska
65%
Zachód Stary Lubosz
65%
Wschód Czarkowo
59%
Zachód Gryżyna
59%
Północ Nowe Oborzyska
59%
Południe Ponin
59%
Zachód Katarzynin
53%
Wschód Kokorzyn
53%
Południe Nacław
53%
Zachód Nowy Dębiec
53%
Zachód Nowy Lubosz
53%
Zachód Racot
53%
Wschód Sierakowo
53%
Wschód Szczodrowo
53%
Północ Kurowo
47%
Zachód Kurza Góra
47%
Wschód Pelikan
47%
Północ Pianowo
47%
Zachód Choryń
41%
Południe Kobylniki
41%
Wschód Krzan
41%
Północ Betkowo
35%
Północ Kawczyn
35%
Południe Nielęgowo
35%
Zachód Darnowo
29%
Północ Łagiewniki
29%
Zachód Spytkówki
29%
Zachód Wyskoć
29%
Zachód Januszewo
24%
Północ Mikoszki
24%
Północ Sepienko
24%
Południe Stara Przysieka
24%
Zachód Wławie
24%
Zachód Osiek
18%
Zachód Turew
18%
Zachód Wyskoć Mała
18%
Zachód Witkówki
12%
Zachód Gryżynka
6%
Zachód Ignacewo
6%
Zachód Wronowo
6%
Nie znaleziono quizów pasujących do podanych kryteriów
Rozkład punktacji
Procent ludzi z każdym wynikiem
Percentyl według liczby udzielonych odpowiedzi
Twoja historia wyników
Nie rozwiązałeś tego quizu od ostatniego zresetowania